00802cam a22002291 450000100060000000300080000600500170001400800390003103500190007003500190008904000280010804100080013608200210014410000360016524500810020126000560028230000210033849000300035950501090038960000360049870000380053420387BD-RjUL20211209000547.0750210r19681931nyu 000 1 eng a(BD-RjUL)20449 a(OCoLC)1165652 aDLCcTxDWdBD-RjULbeng aeng00a822.69bGOO 19681 aGoldsmith, Oliver,d1730?-1774.10aOliver Goldsmith /cEdited by George Pierce Baker. Introd. by Austin Dobson. aNew York :bHill and Wang,cc1931 [Reprinted 1968]. a190 p. ;c19 cm.0 aA Mermaid dramabook,vMD90 aThe good natur'd man.--An essay on the theatre.--A register of Scotch marriages.--She stoops to conquer. 0aGoldsmith, Oliver,d1730?-1774.1 aBaker, George Pierce,d1866-1935.